[Event "Sydney Cepacol"]
[Site "Sydney"]
[Date "1991.??.??"]
[Round "8"]
[White "Oll, Lembit"]
[Black "Kengis, Edvins"]
[Result "1/2-1/2"]
[WhiteElo "2560"]
[BlackElo "2545"]
[Annotator "Schussler"]
[PlyCount "43"]
[EventDate "1991.01.??"]
[EventType "tourn"]
[EventRounds "9"]
[EventCountry "AUS"]
[EventCategory "9"]
[Source "ChessBase"]
[SourceDate "1991.08.01"]

1. d4 Nf6 2. c4 e6 3. Nf3 Bb4+ 4. Bd2 c5 5. a3 Bxd2+ 6. Qxd2 cxd4 7. Nxd4 O-O
8. Nc3 d5 9. cxd5 Nxd5 10. e3 Nxc3 11. Qxc3 Bd7 12. Be2 Nc6 13. Rd1 Qg5 14. Nf3
Qe7 15. b4 a6 16. O-O Rfd8 17. Nd2 Na7 18. Qc7 Kf8 19. Qc2 Kg8 20. Qc7 Kf8 21.
Qc2 {Not 21.Qxb7 Ba4!} Kg8 22. Qc7 1/2-1/2

[Event "Sydney Cepacol"]
[Site "Sydney"]
[Date "1991.??.??"]
[Round "9"]
[White "Miles, Anthony"]
[Black "Oll, Lembit"]
[Result "0-1"]
[WhiteElo "2585"]
[BlackElo "2560"]
[Annotator "Ribli"]
[PlyCount "74"]
[EventDate "1991.01.??"]
[EventType "tourn"]
[EventRounds "9"]
[EventCountry "AUS"]
[EventCategory "9"]
[Source "ChessBase"]
[SourceDate "1991.08.01"]

1. c4 e6 2. Nc3 Bb4 3. Qb3 (3. Qc2 Ne7 4. a3 Bxc3 5. Qxc3 O-O 6. Nf3 d6 7. d4
f6 $2 8. g3 $14 {Lukin,A-Vitolinsh,A  URS-sf Daugavpils 1989  CBM/16}) 3... Ba5
4. g3 c5 5. Bg2 Nc6 6. Nf3 Nge7 7. O-O O-O 8. Rd1 d5 9. d4 (9. cxd5 exd5 10. d4
c4 11. Qc2 Bf5) 9... dxc4 10. Qxc4 cxd4 11. Bf4 (11. Nxd4 $2 Bxc3 $1 12. bxc3
e5 $1 $19) 11... Bb6 12. Nb5 (12. e3 Nd5 $1) 12... Nf5 13. e3 Bd7 14. exd4 (14.
Nfxd4 $5) 14... Rc8 15. Qe2 a6 16. Nd6 Ncxd4 17. Nxd4 Nxd4 18. Qd3 Ba4 19. Rd2
(19. Nxc8 Bxd1 20. Nxb6 Ne2+ $19) 19... Rc2 20. Nxb7 Rxd2 21. Qxd2 Qd7 22. Rc1
e5 $1 23. Be3 Bb5 24. Kh1 h6 25. Nc5 Qe7 26. Ne4 Rd8 27. Nc3 Bc4 28. Qe1 Qe6
29. b3 Bd3 30. Na4 Nc2 31. Qd2 Nxe3 32. fxe3 Bb5 33. Qf2 Bxa4 34. bxa4 Rd3 $19
35. Be4 Rxe3 36. Rc6 Rxe4 37. Rxe6 Bxf2 0-1

[Event "Helsinki"]
[Site "Helsinki"]
[Date "1991.??.??"]
[Round "?"]
[White "Arnason, Jon L"]
[Black "Oll, Lembit"]
[Result "0-1"]
[WhiteElo "2540"]
[BlackElo "2560"]
[PlyCount "56"]
[EventDate "1991.03.??"]
[EventType "tourn"]
[EventRounds "9"]
[EventCountry "FIN"]
[EventCategory "9"]
[Source "ChessBase"]
[SourceDate "1996.11.15"]

1. e4 c5 2. Nf3 d6 3. d4 Nf6 4. Nc3 cxd4 5. Nxd4 a6 6. Be2 e6 7. f4 Be7 8. O-O
O-O 9. Bf3 Qc7 10. Be3 Rd8 11. Qe2 Nbd7 12. g4 Nb6 13. g5 Nfd7 14. Rad1 Nc4 15.
Bc1 b5 16. Bg2 b4 17. Nb1 a5 18. Rf3 Bb7 19. Rh3 g6 20. b3 Ncb6 21. c4 Nc5 22.
f5 exf5 23. Nxf5 Bf8 24. Bb2 Ne6 25. Qg4 Qc5+ 26. Kh1 Qf2 27. Bf6 Nf4 28. Bd4
gxf5 0-1

[Event "Helsinki"]
[Site "Helsinki"]
[Date "1991.??.??"]
[Round "?"]
[White "Bellon Lopez, Juan Manuel"]
[Black "Oll, Lembit"]
[Result "0-1"]
[WhiteElo "2495"]
[BlackElo "2560"]
[PlyCount "108"]
[EventDate "1991.03.??"]
[EventType "tourn"]
[EventRounds "9"]
[EventCountry "FIN"]
[EventCategory "9"]
[Source "ChessBase"]
[SourceDate "1996.11.15"]

1. d4 Nf6 2. Nf3 g6 3. c4 Bg7 4. Nc3 d5 5. cxd5 Nxd5 6. e4 Nxc3 7. bxc3 c5 8.
Bb5+ Bd7 9. Bxd7+ Nxd7 10. O-O O-O 11. e5 cxd4 12. cxd4 Nb6 13. Qb3 Qd5 14. Ba3
Qxb3 15. axb3 Nd5 16. Rfc1 Rfc8 17. Rc4 Bh6 18. Bc1 Bxc1 19. Raxc1 Rxc4 20.
Rxc4 a5 21. Nd2 e6 22. Ra4 Nc3 23. Rc4 Ne2+ 24. Kf1 b5 25. Rc7 Nxd4 26. Rd7 Nc6
27. Rc7 Ra6 28. f4 a4 29. bxa4 bxa4 30. Nc4 Nb4 31. Na3 Nd5 32. Rc8+ Kg7 33. g3
Rb6 34. Ra8 Rb4 35. Nc2 Rb2 36. Nd4 Ne3+ 37. Ke1 Rxh2 38. Nf3 Rg2 39. Ng5 Rxg3
40. Kf2 Rxg5 41. fxg5 Ng4+ 42. Kg3 Nxe5 43. Kf4 Nc6 44. Ra6 Ne7 45. Rxa4 h6 46.
gxh6+ Kxh6 47. Ke5 Nd5 48. Ra7 Kg7 49. Ra1 g5 50. Ra8 Nf4 51. Rb8 Ng6+ 52. Kd6
Kf6 53. Rb7 g4 54. Kc5 g3 0-1

[Event "Helsinki"]
[Site "Helsinki"]
[Date "1991.??.??"]
[Round "?"]
[White "Oll, Lembit"]
[Black "Maki, Veijo"]
[Result "1-0"]
[WhiteElo "2560"]
[BlackElo "2430"]
[PlyCount "65"]
[EventDate "1991.03.??"]
[EventType "tourn"]
[EventRounds "9"]
[EventCountry "FIN"]
[EventCategory "9"]
[Source "ChessBase"]
[SourceDate "1996.11.15"]

1. e4 c5 2. Nf3 Nc6 3. d4 cxd4 4. Nxd4 Nf6 5. Nc3 d6 6. Bg5 e6 7. Qd2 Be7 8.
O-O-O Nxd4 9. Qxd4 O-O 10. e5 dxe5 11. Qxe5 Bd7 12. h4 Rc8 13. Rh3 Qc7 14. Qe3
b5 15. Bf4 Qa5 16. Rg3 b4 17. Be5 g6 18. Rg5 bxc3 19. Bxf6 cxb2+ 20. Bxb2 Qa4
21. Rd2 Rb8 22. Rd4 Qxa2 23. Bc3 Qb1+ 24. Kd2 Qxf1 25. Rxd7 Rfd8 26. Rgd5 exd5
27. Qd4 f6 28. Rxe7 Rb6 29. Ba5 Rb1 30. Qxf6 Rd1+ 31. Ke3 Re1+ 32. Bxe1 Qxe1+
33. Kf3 1-0

[Event "Helsinki"]
[Site "Helsinki"]
[Date "1991.??.??"]
[Round "?"]
[White "Oll, Lembit"]
[Black "Rantanen, Yrjo A"]
[Result "0-1"]
[WhiteElo "2560"]
[BlackElo "2415"]
[PlyCount "64"]
[EventDate "1991.03.??"]
[EventType "tourn"]
[EventRounds "9"]
[EventCountry "FIN"]
[EventCategory "9"]
[Source "ChessBase"]
[SourceDate "1996.11.15"]

1. c4 e5 2. g3 Nf6 3. Bg2 c6 4. d4 exd4 5. Qxd4 d5 6. Nf3 Be7 7. O-O O-O 8. Bf4
Qb6 9. Nbd2 Re8 10. Rac1 Na6 11. Be3 Qxd4 12. Bxd4 c5 13. Be5 d4 14. a3 h6 15.
h4 Nd7 16. Bf4 Nf8 17. Nb3 Ne6 18. Bd2 Rb8 19. Na5 Bd6 20. Ne1 Nd8 21. Bf3 b6
22. Nb3 Bb7 23. Nd3 Bxf3 24. exf3 Nc6 25. Rc2 Ne5 26. Nxe5 Bxe5 27. Nc1 Bd6 28.
Nd3 b5 29. b4 Re2 30. Re1 bxc4 31. bxc5 cxd3 32. Rxe2 Bf8 0-1

[Event "Helsinki"]
[Site "Helsinki"]
[Date "1991.??.??"]
[Round "?"]
[White "Oll, Lembit"]
[Black "Vaisser, Anatoli"]
[Result "1-0"]
[WhiteElo "2560"]
[BlackElo "2540"]
[PlyCount "113"]
[EventDate "1991.03.??"]
[EventType "tourn"]
[EventRounds "9"]
[EventCountry "FIN"]
[EventCategory "9"]
[Source "ChessBase"]
[SourceDate "1996.11.15"]

1. e4 c5 2. Nf3 Nc6 3. d4 cxd4 4. Nxd4 Nf6 5. Nc3 d6 6. Bg5 e6 7. Qd2 a6 8.
O-O-O h6 9. Be3 Be7 10. f4 Bd7 11. h3 b5 12. Bd3 Nxd4 13. Bxd4 b4 14. Ne2 e5
15. Be3 Qa5 16. Kb1 O-O 17. Rhf1 Rfd8 18. Nc1 Bc8 19. Nb3 Qc7 20. Qxb4 a5 21.
Bb6 axb4 22. Bxc7 Rd7 23. fxe5 Rxc7 24. exf6 Bxf6 25. Nd2 d5 26. Rde1 Rca7 27.
e5 Rxa2 28. Nb3 Bg5 29. g3 Bd7 30. h4 Bd2 31. Re2 Bc3 32. bxc3 bxc3 33. Ref2
Rb2+ 34. Kc1 Ba4 35. Rxf7 Bxb3 36. Kd1 d4 37. R7f2 Be6 38. Rf4 Rb4 39. Ke2 Re8
40. Kf2 Bd5 41. Kg1 Rd8 42. Bf5 Re8 43. Bg6 Rd8 44. h5 Be6 45. Ra1 Rbb8 46. Ra7
Rd5 47. Ra6 d3 48. Bxd3 Rxd3 49. cxd3 c2 50. Rf1 Bf5 51. Rc6 Bxd3 52. Re1 Kf7
53. e6+ Kf8 54. e7+ Kf7 55. Rc3 Bb5 56. Rf3+ Kg8 57. Rb3 1-0

[Event "Helsinki"]
[Site "Helsinki"]
[Date "1991.??.??"]
[Round "?"]
[White "Oll, Lembit"]
[Black "Westerinen, Heikki"]
[Result "0-1"]
[WhiteElo "2560"]
[BlackElo "2410"]
[PlyCount "74"]
[EventDate "1991.03.??"]
[EventType "tourn"]
[EventRounds "9"]
[EventCountry "FIN"]
[EventCategory "9"]
[Source "ChessBase"]
[SourceDate "1996.11.15"]

1. c4 e5 2. Nc3 f5 3. g3 Nf6 4. Bg2 Bb4 5. Qc2 Nc6 6. Nh3 Nd4 7. Qd1 O-O 8. O-O
d6 9. d3 h6 10. f4 Bc5 11. e3 Nc6 12. Na4 Qe7 13. Kh1 Ng4 14. Qe2 Bd7 15. Bd2
Bxe3 16. Bd5+ Kh7 17. Nc3 Nd4 18. Qg2 c6 19. Bf3 Nxf3 20. Rxf3 Bxd2 21. Qxd2
Rae8 22. Re1 Qf7 23. Nf2 Qh5 24. Nxg4 Qxg4 25. Qf2 c5 26. Kg1 Bc6 27. Nd5 Bxd5
28. cxd5 exf4 29. Rxf4 Rxe1+ 30. Qxe1 Qg6 31. Qe7 Rf7 32. Qe8 Qf6 33. Rf2 Re7
34. Qc8 g6 35. h4 Qd4 36. Kg2 Qxd5+ 37. Kh2 h5 0-1

[Event "Helsinki"]
[Site "Helsinki"]
[Date "1991.??.??"]
[Round "?"]
[White "Pyhala, Antti"]
[Black "Oll, Lembit"]
[Result "0-1"]
[WhiteElo "2380"]
[BlackElo "2560"]
[PlyCount "76"]
[EventDate "1991.03.??"]
[EventType "tourn"]
[EventRounds "9"]
[EventCountry "FIN"]
[EventCategory "9"]
[Source "ChessBase"]
[SourceDate "1996.11.15"]

1. g3 e5 2. c4 Nf6 3. Bg2 d5 4. cxd5 Nxd5 5. Nc3 Nb6 6. d3 Be7 7. Nf3 Nc6 8.
O-O O-O 9. b3 Be6 10. Bb2 Qd7 11. Rc1 Rad8 12. Ne4 f6 13. Nfd2 Bh3 14. Nc5 Bxc5
15. Rxc5 Bxg2 16. Kxg2 Nd5 17. a3 b6 18. Rc1 a5 19. Rc4 Nce7 20. b4 axb4 21.
axb4 Kh8 22. Qb3 b5 23. Re4 Nf5 24. Nf3 Qf7 25. Kh1 Nd6 26. Rh4 g5 27. Nxg5
fxg5 28. Bxe5+ Kg8 29. Rg4 h6 30. Rc1 Rde8 31. Bxd6 Rxe2 32. Bc5 Qf3+ 33. Kg1
Rxf2 34. Bxf2 Qxf2+ 35. Kh1 Qf3+ 36. Kg1 Qe3+ 37. Kg2 Rf2+ 38. Kh3 Qe6 0-1

[Event "Helsinki"]
[Site "Helsinki"]
[Date "1991.??.??"]
[Round "?"]
[White "Yrjola, Jouni"]
[Black "Oll, Lembit"]
[Result "1/2-1/2"]
[WhiteElo "2505"]
[BlackElo "2560"]
[PlyCount "99"]
[EventDate "1991.03.??"]
[EventType "tourn"]
[EventRounds "9"]
[EventCountry "FIN"]
[EventCategory "9"]
[Source "ChessBase"]
[SourceDate "1996.11.15"]

1. d4 Nf6 2. c4 e6 3. Nc3 Bb4 4. e3 c5 5. Bd3 cxd4 6. exd4 d5 7. cxd5 Nxd5 8.
Nge2 Nc6 9. O-O Nf6 10. Bc2 h6 11. Qd3 Bd6 12. Ne4 Nxe4 13. Qxe4 Nb4 14. Bb3
O-O 15. Bf4 Re8 16. Rac1 Nd5 17. Bxd6 Qxd6 18. Bxd5 Qxd5 19. Qxd5 exd5 20. Nf4
Re4 21. Nxd5 Be6 22. Nc7 Rd8 23. d5 Bf5 24. f3 Re7 25. g4 Bg6 26. Rfe1 Kf8 27.
Kf2 a6 28. Rxe7 Kxe7 29. Re1+ Kd7 30. d6 Rg8 31. Rd1 f6 32. Nd5 Bf7 33. Ne7 Rd8
34. a3 h5 35. h3 Rh8 36. Kg3 g6 37. f4 hxg4 38. hxg4 g5 39. fxg5 fxg5 40. Nf5
Be8 41. Ng7 Rh6 42. Rd4 Rg6 43. Nf5 Rf6 44. Ne3 Bf7 45. Rb4 b5 46. a4 Kxd6 47.
axb5 Kc5 48. Re4 axb5 49. b4+ Kd6 50. Nf5+ 1/2-1/2

[Event "Clichy op"]
[Site "Clichy"]
[Date "1991.??.??"]
[Round "4"]
[White "Badii, Madjid"]
[Black "Oll, Lembit"]
[Result "0-1"]
[WhiteElo "2295"]
[BlackElo "2560"]
[PlyCount "84"]
[EventDate "1991.06.??"]
[EventType "swiss"]
[EventRounds "9"]
[EventCountry "FRA"]
[Source "ChessBase"]
[SourceDate "1994.03.01"]

1. e4 c5 2. Nf3 d6 3. d4 Nf6 4. Nc3 cxd4 5. Nxd4 a6 6. Bc4 e6 7. Bb3 b5 8. a3
Be7 9. O-O O-O 10. f4 Bb7 11. Qf3 Nbd7 12. f5 e5 13. Nde2 Nc5 14. Bd5 Ncxe4 15.
Bxe4 d5 16. Bd3 e4 17. Qg3 exd3 18. Qxd3 Bc5+ 19. Be3 Bxe3+ 20. Qxe3 Re8 21.
Qd4 Rc8 22. b3 Qc7 23. Rf3 Ne4 24. Rd1 Re5 25. Rdd3 Qe7 26. Rde3 Re8 27. Nxe4
dxe4 28. Rf1 Rd5 29. Qb4 Qg5 30. Rg3 Qf6 31. c4 Rxf5 32. Rxf5 Qxf5 33. cxb5 e3
34. Qe1 axb5 35. h3 Qe5 36. Rg4 h5 37. Rf4 Qd5 38. Rf3 Qxb3 39. Rg3 Qxa3 40.
Nf4 Qc5 41. Qa1 e2+ 42. Kh2 Qe5 0-1

[Event "Clichy op"]
[Site "Clichy"]
[Date "1991.??.??"]
[Round "5"]
[White "Oll, Lembit"]
[Black "Kaunas, Kestutis"]
[Result "1-0"]
[WhiteElo "2560"]
[BlackElo "2335"]
[PlyCount "75"]
[EventDate "1991.06.??"]
[EventType "swiss"]
[EventRounds "9"]
[EventCountry "FRA"]
[Source "ChessBase"]
[SourceDate "1994.03.01"]

1. e4 Nf6 2. e5 Nd5 3. d4 d6 4. Nf3 Bg4 5. Be2 Nc6 6. O-O e6 7. c4 Nb6 8. exd6
cxd6 9. d5 exd5 10. cxd5 Bxf3 11. gxf3 Ne5 12. Bb5+ Nbd7 13. Re1 Be7 14. f4 Ng6
15. f5 Nge5 16. Nc3 a6 17. Bxd7+ Nxd7 18. Bg5 f6 19. Qh5+ Kf8 20. Bd2 Qe8 21.
Qh3 Qf7 22. Re3 Kg8 23. Ne2 Ne5 24. Nf4 g5 25. Rg3 h5 26. Bc3 h4 27. Rg2 Kh7
28. Ne6 Qh5 29. f4 g4 30. fxe5 Rhg8 31. Qd3 dxe5 32. d6 Bd8 33. Qe4 Bb6+ 34.
Kh1 Rab8 35. d7 h3 36. Rg3 Bf2 37. Rd1 Bxg3 38. hxg3 1-0

[Event "Clichy op"]
[Site "Clichy"]
[Date "1991.??.??"]
[Round "6"]
[White "Renet, Olivier"]
[Black "Oll, Lembit"]
[Result "1-0"]
[WhiteElo "2470"]
[BlackElo "2560"]
[PlyCount "58"]
[EventDate "1991.06.??"]
[EventType "swiss"]
[EventRounds "9"]
[EventCountry "FRA"]
[Source "ChessBase"]
[SourceDate "1994.03.01"]

1. e4 c5 2. Nf3 d6 3. d4 Nf6 4. Nc3 cxd4 5. Nxd4 a6 6. Be3 e6 7. f3 b5 8. g4
Be7 9. Qd2 Bb7 10. O-O-O O-O 11. Kb1 Nfd7 12. h4 Ne5 13. Bd3 Nbd7 14. f4 Nxg4
15. h5 Bf6 16. Rhg1 Nxe3 17. Qxe3 Qb6 18. e5 dxe5 19. fxe5 Nxe5 20. Rdf1 Qd8
21. Be4 Nc4 22. Qh6 Bxe4 23. Nc6 Kh8 24. Nxd8 gxh6 25. Rxf6 Nd2+ 26. Kc1 Raxd8
27. Rd1 Bf5 28. Rxd2 Rxd2 29. Kxd2 Kg7 1-0

[Event "Clichy op"]
[Site "Clichy"]
[Date "1991.??.??"]
[Round "7"]
[White "Oll, Lembit"]
[Black "Conquest, Stuart"]
[Result "1-0"]
[WhiteElo "2560"]
[BlackElo "2460"]
[PlyCount "73"]
[EventDate "1991.06.??"]
[EventType "swiss"]
[EventRounds "9"]
[EventCountry "FRA"]
[Source "ChessBase"]
[SourceDate "1994.03.01"]

1. e4 c6 2. d4 d5 3. exd5 cxd5 4. c4 Nf6 5. Nc3 e6 6. Nf3 Bb4 7. cxd5 Nxd5 8.
Bd2 O-O 9. Bd3 Nf6 10. O-O b6 11. Ne4 Bxd2 12. Nxf6+ Qxf6 13. Be4 Ba6 14. Qxd2
Bxf1 15. Bxa8 Ba6 16. Rc1 Nd7 17. Rc7 Rxa8 18. Rxd7 Qf5 19. h3 Bb5 20. Re7 a5
21. Qc1 h6 22. Rb7 Ba6 23. Rxb6 Kh7 24. b3 Qe4 25. Qc7 f6 26. Qd6 Be2 27. Nd2
Qg6 28. Qf4 Rc8 29. Rxe6 Bd3 30. d5 Rc2 31. Re7 Rxa2 32. d6 Bb5 33. d7 Bc6 34.
Ne4 Ra1+ 35. Kh2 Bxe4 36. Rxe4 Rd1 37. Rd4 1-0

[Event "Clichy op"]
[Site "Clichy"]
[Date "1991.??.??"]
[Round "8"]
[White "Sokolov, Andrei"]
[Black "Oll, Lembit"]
[Result "1/2-1/2"]
[WhiteElo "2550"]
[BlackElo "2560"]
[PlyCount "29"]
[EventDate "1991.06.??"]
[EventType "swiss"]
[EventRounds "9"]
[EventCountry "FRA"]
[Source "ChessBase"]
[SourceDate "1994.03.01"]

1. e4 c5 2. Nf3 Nc6 3. Bb5 g6 4. O-O Bg7 5. Re1 e5 6. Bxc6 dxc6 7. a3 Bg4 8. b4
Nf6 9. h3 Bxf3 10. Qxf3 Nd7 11. bxc5 Nxc5 12. a4 Ne6 13. Ba3 Qd4 14. Nc3 Rd8
15. Red1 1/2-1/2

[Event "Pamplona 9192 2nd"]
[Site "Pamplona"]
[Date "1991.??.??"]
[Round "2"]
[White "Oll, Lembit"]
[Black "Granda Zuniga, Julio E"]
[Result "1-0"]
[WhiteElo "2600"]
[BlackElo "2595"]
[Annotator "Blatny,P"]
[PlyCount "115"]
[EventDate "1991.12.??"]
[EventType "tourn"]
[EventRounds "9"]
[EventCountry "ESP"]
[EventCategory "13"]
[Source "ChessBase"]
[SourceDate "1992.06.01"]

1. e4 c5 2. Nf3 Nc6 3. d4 cxd4 4. Nxd4 e6 5. Nb5 d6 6. c4 Nf6 7. N1c3 a6 8. Na3
Be7 9. Be2 O-O (9... b6 10. O-O Bb7 11. Be3 Nb8 {/\Nbd7-c5} 12. f3 Nbd7 13. Qd2
O-O 14. Rfd1 Qc7 15. Rac1 Rac8 16. Nc2 (16. Kh1 Qb8 17. Bf1 Kh8 18. Nc2 Rg8 19.
b3 Bc6 20. Bg1 g5 21. Re1 Rg6 22. Nd5 $1 $14 {Anand-Polgar,Zso, NewDehli 1990})
16... Qb8 17. Bf2 Rfe8 18. Ne3 Ne5 19. b4 $14 {Ernst-Kiik, Groningen(op) 1991})
10. O-O b6 11. Be3 Bb7 12. Qb3 Nd7 13. Rad1 (13. Rfd1 Nc5 14. Qc2 Bf6 (14...
Qc7 15. Rac1 Rac8 16. Qd2 (16. Nab1 {--> INF 41/181}) 16... Ne5 17. f3 Rfd8 18.
Nc2 Qb8 (18... Ncd7 19. Nd4 Nxc4 $4 20. Bxc4 Qxc4 21. Nd5 $18) 19. Nd4 h6 20.
b3 Bf6 21. Bf1 d5 $132 {Renet-Sokolov, Reunion 1991}) 15. Rac1 Bxc3 16. Qxc3
Nxe4 17. Qb3 (17. Qd3 Nb4 18. Qb3 a5 19. Nb5 d5 $13) 17... Rb8 18. Bxb6 Qf6 19.
Qe3 Ba8 {Nunn-Ljubojevic, Beograd 1991} 20. f3 Nc5 21. Bc7 $16) 13... Nc5 14.
Qc2 Bf6 15. Nab1 Qe7 (15... Qc7 16. a3 Rfd8 17. b4 Nd7 18. Qb3 Rac8 19. f3 {
Gaprindashvili-Kushnir, Moscow wm(12) 1969}) 16. a3 a5 17. Nb5 $14 Rfd8 18.
N1c3 a4 19. Rd2 Na5 20. Bxc5 (20. Rfd1 $2 Bxc3 (20... Nab3 $2 21. Rxd6 $18) 21.
Nxc3 (21. Qxc3 Nxe4 $19) 21... Nab3 $19) 20... bxc5 (20... dxc5 21. Nxa4 $18)
21. Nxa4 Nc6 22. Nac3 Be5 (22... g5 $142 $5 {/\Be5}) 23. f4 Nd4 24. Qd3 (24.
Nxd4 Bxd4+ $44) 24... Bf6 (24... Nxb5 25. Nxb5 {><Pd6}) (24... Nxe2+ 25. Nxe2 {
><Pd6}) 25. Kh1 Rab8 26. Nxd4 Bxd4 27. Nb5 Bf6 28. Rfd1 Bc6 {><Pb2} 29. a4 $1
$16 (29. Nxd6 Bxb2) 29... Qb7 30. Bf3 Qb6 31. Qe2 {/\Rd6} Be7 32. h3 g6 33. b3
Qa5 34. Rd3 (34. f5 $5 {/\35.fe fe 36.Bg4 /^h3-c8}) 34... Bxb5 35. axb5 $8 (35.
cxb5 c4 36. bxc4 Qxa4 {><c5,><Pc4}) 35... Bf6 36. Rxd6 Rxd6 37. Rxd6 Bd4 38. e5
Qc3 39. g3 g5 $5 40. f5 exf5 (40... Bxe5 41. Rd3 Qa1+ 42. Rd1 Qc3 43. fxe6 $40)
(40... Qa1+ 41. Qd1 Qxd1+ 42. Bxd1 Bxe5 43. Rc6 exf5 44. Rxc5 $18 {_|_}) 41. e6
$40 fxe6 (41... g4 42. exf7+ Kf8 43. Bg2 $1 (43. hxg4 fxg4 44. Bxg4 (44. Bg2
Qxg3 45. Re6 Qh4+ $19) 44... Qxg3 $19) 43... Qxg3 44. Re6 {/\Re8} Kxf7 (44...
gxh3 45. Re8+ Kxf7 46. Qe6+ Kg7 47. Qg8+ $18) 45. Re7+ Kf8 (45... Kg8 46. Qe6+
Kh8 47. Qh6 $18) (45... Kg6 46. Qe6+ Bf6 (46... Kg5 47. Rxh7 {/\Qh6+-}) 47.
Qf7+ Kg5 48. Re6 $18) 46. Qe6 $18) 42. Rxe6 Rf8 43. Kg2 f4 (43... g4 44. hxg4
fxg4 45. Bd5 $18) 44. Re7 {/\Qe6} Rf7 45. Re8+ Kg7 46. b6 Qa1 47. Qd1 (47. Qe1
Qa2+ 48. Re2 $18) 47... Qa2+ 48. Re2 Qa6 49. Re6 Qa2+ 50. Qe2 Qa1 51. Qe1 Qa2+
52. Re2 $18 Qxb3 53. b7 Be3 (53... Rxb7 54. Re7+ $1 (54. Bxb7 Qxb7+ 55. Kh2 {
/\Re7}) 54... Rxe7 55. Qxe7+ Kh6 (55... Kg8 56. Bd5+ Kh8 57. Qf8#) (55... Kg6
56. Be4+ Kh5 57. Qxh7#) 56. Qf8+ Kg6 (56... Bg7 57. Qd6+ Bf6 58. Qxf6#) 57.
Be4+ Kh5 58. g4+ Kh4 59. Qh6#) 54. gxf4 g4 (54... gxf4 55. Rxe3 $1 Qxe3 (55...
fxe3 56. Qg3+ $18) 56. Qxe3 fxe3 57. b8=Q $18) (54... Bxf4 55. Qa1+ $18 {->K})
55. hxg4 Bxf4 56. Qa1+ Kg6 57. Re6+ Kg5 58. Re5+ $1 {/^a1-h8,b1-h7,h2-b8} 1-0

[Event "Pamplona 9192 2nd"]
[Site "Pamplona"]
[Date "1991.??.??"]
[Round "3"]
[White "Polgar, Zsuzsa"]
[Black "Oll, Lembit"]
[Result "1-0"]
[WhiteElo "2535"]
[BlackElo "2600"]
[PlyCount "71"]
[EventDate "1991.12.??"]
[EventType "tourn"]
[EventRounds "9"]
[EventCountry "ESP"]
[EventCategory "13"]
[Source "ChessBase"]
[SourceDate "1992.06.01"]

1. d4 Nf6 2. Nf3 e6 3. c4 Bb4+ 4. Bd2 Qe7 5. g3 Nc6 6. Nc3 d5 7. a3 Bxc3 8.
Bxc3 O-O 9. Bg2 Rd8 10. O-O Ne4 11. Qc2 a5 12. Rfd1 Bd7 13. Ne5 Nxe5 14. dxe5
Nxc3 15. Qxc3 c6 16. Rd2 Be8 17. Rad1 Rdc8 18. Qe3 a4 19. f4 Ra5 20. Kf2 Rc5
21. cxd5 cxd5 22. Rd4 b5 23. Bf3 Rc4 24. g4 b4 25. f5 bxa3 26. Qxa3 Qh4+ 27.
Kg2 exf5 28. Bxd5 Rxd4 29. Rxd4 fxg4 30. e6 Qf6 31. Qe3 Kh8 32. Rf4 Qd8 33. Qe5
f6 34. e7 Qb6 35. Qd4 Qd6 36. Bb7 $138 1-0

[Event "Pamplona 9192 2nd"]
[Site "Pamplona"]
[Date "1991.??.??"]
[Round "5"]
[White "Yudasin, Leonid"]
[Black "Oll, Lembit"]
[Result "1/2-1/2"]
[WhiteElo "2595"]
[BlackElo "2600"]
[PlyCount "104"]
[EventDate "1991.12.??"]
[EventType "tourn"]
[EventRounds "9"]
[EventCountry "ESP"]
[EventCategory "13"]
[Source "ChessBase"]
[SourceDate "1992.06.01"]

1. e4 c5 2. Nf3 d6 3. d4 Nf6 4. Nc3 cxd4 5. Nxd4 Nc6 6. Bg5 e6 7. Qd2 a6 8.
O-O-O h6 9. Be3 Be7 10. f4 Bd7 11. Bd3 b5 12. Kb1 O-O 13. h3 Nxd4 14. Bxd4 Bc6
15. Qe3 Qc7 16. e5 dxe5 17. Bxe5 Qb7 18. Rhe1 Rad8 19. g4 b4 20. Ne2 Nd5 21.
Qg1 Bb5 22. g5 hxg5 23. fxg5 b3 24. axb3 Nb4 25. Bxb5 axb5 26. Rxd8 Rxd8 27. g6
f5 28. Bc3 Nxc2 29. Kxc2 Qe4+ 30. Kc1 Rc8 31. Kd2 b4 32. Nd4 bxc3+ 33. bxc3
Qf4+ 34. Qe3 Qxe3+ 35. Kxe3 Bh4 36. Re2 Rxc3+ 37. Kd2 Rxh3 38. Rxe6 Kf8 39. Rb6
Bf6 40. Nxf5 Ke8 41. Rb7 Rf3 42. Nd6+ Kd8 43. Ne4 Be7 44. b4 Rf4 45. Nc5 Rf6
46. Rb8+ Kc7 47. Rb7+ Kd8 48. Rb8+ Kc7 49. Rg8 Rxg6 50. Rxg7 Rxg7 51. Ne6+ Kb8
52. Nxg7 Bxb4+ 1/2-1/2

[Event "Pamplona 9192 2nd"]
[Site "Pamplona"]
[Date "1991.??.??"]
[Round "6"]
[White "Oll, Lembit"]
[Black "Ehlvest, Jaan"]
[Result "1/2-1/2"]
[WhiteElo "2600"]
[BlackElo "2605"]
[PlyCount "65"]
[EventDate "1991.12.??"]
[EventType "tourn"]
[EventRounds "9"]
[EventCountry "ESP"]
[EventCategory "13"]
[Source "ChessBase"]
[SourceDate "1992.06.01"]

1. e4 d6 2. d4 Nf6 3. f3 d5 4. e5 Nfd7 5. f4 e6 6. Nf3 c5 7. c3 Nc6 8. Bd3 Qb6
9. Bc2 Be7 10. O-O g6 11. Kh1 a5 12. a4 cxd4 13. cxd4 Nb4 14. Bb3 Nb8 15. Nc3
Bd7 16. Be3 N8c6 17. Qd2 Na7 18. Bd1 Qd8 19. Be2 Rb8 20. Rac1 b5 21. axb5 Nxb5
22. g4 Na7 23. Ne1 Qb6 24. Nd3 Qb7 25. f5 Nac6 26. fxe6 fxe6 27. Rf2 Nxd3 28.
Bxd3 Nxe5 29. dxe5 d4+ 30. Ne4 Bc6 31. Kg1 Bxe4 32. Bxe4 Qxe4 33. Qxd4 1/2-1/2

[Event "Pamplona 9192 2nd"]
[Site "Pamplona"]
[Date "1991.??.??"]
[Round "7"]
[White "Fernandez Garcia, Jose Luis"]
[Black "Oll, Lembit"]
[Result "0-1"]
[WhiteElo "2470"]
[BlackElo "2600"]
[PlyCount "74"]
[EventDate "1991.12.??"]
[EventType "tourn"]
[EventRounds "9"]
[EventCountry "ESP"]
[EventCategory "13"]
[Source "ChessBase"]
[SourceDate "1992.06.01"]

1. e4 c6 2. c4 e5 3. Nf3 d6 4. d4 Nd7 5. Nc3 Ngf6 6. Be2 g6 7. O-O Bg7 8. Qc2
O-O 9. Rd1 Qe7 10. dxe5 dxe5 11. a3 a5 12. Na4 b6 13. Be3 Ng4 14. Bg5 f6 15.
Bd2 f5 16. Bg5 Bf6 17. Bxf6 Ndxf6 18. c5 fxe4 19. Ng5 Nxf2 20. Rf1 Nd5 21. h4
b5 22. Nb6 e3 23. Nxd5 cxd5 24. Qb3 Qxc5 25. Rac1 Qd4 26. Rcd1 Nxd1 27. Rxd1
Qxh4 28. Qxd5+ Kg7 29. Qxe5+ Kh6 30. Qe7 Qf2+ 31. Kh2 Bg4 32. Rd5 Qf4+ 33. Kg1
Bf5 34. Nf7+ Rxf7 35. Qxf7 Rc8 36. Rc5 Qf2+ 37. Kh2 Bg4 $138 0-1

[Event "Pamplona 9192 2nd"]
[Site "Pamplona"]
[Date "1991.??.??"]
[Round "8"]
[White "Oll, Lembit"]
[Black "Illescas Cordoba, Miguel"]
[Result "1/2-1/2"]
[WhiteElo "2600"]
[BlackElo "2545"]
[PlyCount "77"]
[EventDate "1991.12.??"]
[EventType "tourn"]
[EventRounds "9"]
[EventCountry "ESP"]
[EventCategory "13"]
[Source "ChessBase"]
[SourceDate "1992.06.01"]

1. e4 c5 2. Nf3 e6 3. Nc3 Nc6 4. Bb5 Nd4 5. O-O a6 6. Bd3 Ne7 7. Nxd4 cxd4 8.
Ne2 Nc6 9. c3 Bc5 10. b4 Ba7 11. a3 O-O 12. cxd4 d5 13. exd5 exd5 14. Bb2 Bg4
15. Kh1 Bxd4 16. Bxh7+ Kxh7 17. Qc2+ Kg8 18. Nxd4 Nxd4 19. Bxd4 Rc8 20. Qb2 Qg5
21. Rae1 Rfe8 22. Re3 Rxe3 23. dxe3 Qg6 24. Qb3 Qc2 25. Qxc2 Rxc2 26. f3 Bd7
27. h4 Ra2 28. Rc1 Rxa3 29. Rc7 Bc6 30. h5 Rb3 31. Bc5 Rb2 32. Rc8+ Kh7 33. Rc7
Kg8 34. Kg1 Rc2 35. Bd6 Rc4 36. Rc8+ Kh7 37. Rc7 Kg8 38. Kf2 d4 39. exd4
1/2-1/2